MARC

LEADER 00000nam0a2200000 4500
001 117187
005 20231101215400.0
010 |a 5724503301 
020 |a RU  |b 89-5206 
035 |a (RuTPU)RU\TPU\book\126834 
090 |a 117187 
100 |a 20070531d1989 km a0rusy5003 ca 
101 0 |a rus 
102 |a RU 
105 |a a z 001zy 
200 1 |a Ароматические нитрозосоединения  |f Е. Ю. Беляев, Б. В. Гидаспов 
210 |a Ленинград  |c Химия  |c Ленинградское отделение  |d 1989 
215 |a 172,[1] с.  |d 22 см 
320 |a Библиогр.: с. 162-171 (293 назв.) 
606 1 |a Нитрозосоединения ароматические  |x Химия  |2 stltpush  |3 (RuTPU)RU\TPU\subj\76641  |9 87592 
610 1 |a ароматические нитросоединения 
610 1 |a нитрозирование 
610 1 |a ароматические соединения 
610 1 |a синтез 
610 1 |a получение 
675 |a 547.54  |v 3 
700 1 |a Беляев  |b Е. Ю.  |g Евгений Юрьевич 
701 1 |a Гидаспов  |b Б. В.  |g Борис Вениаминович 
801 0 |a RU  |b RuMRKP  |c 19950417  |g psbo 
801 1 |a RU  |b 63413507  |c 20070531  |g PSBO 
801 2 |a RU  |b 63413507  |c 20170914  |g PSBO 
942 |c BK